Sports Quiz

Random Sports or MLB Quiz

Big 4 Teams on the Move Quiz Stats

 Plays Quiz Updated May 29, 2017

Support Sporcle.
Go Orange.
Score 0/14 Timer 04:00
0 Plays Today
League Team % Correct
NFLLos Angeles Rams (CLE->LA->STL->LA)
81.3%
NBALos Angeles Clippers (BUF->SD->LA)
77.1%
NFLLas Vegas Raiders (OAK->LA->OAK->LVR)
76.1%
MLBBaltimore Orioles (MIL->STL->BAL)
68.9%
MLBAtlanta Braves (BOS->MIL->ATL)
63.6%
NBASacramento Kings (ROC->CIN->KC/OMA->SAC)
63.2%
NFLArizona Cardinals (CHI->STL->PHO)
62.3%
League Team % Correct
MLBOakland Athletics (PHI->KC->OAK)
61.7%
NFLLos Angeles Chargers (LA->SD->LA)
55.1%
NBAGolden State Warriors (PHI->SF->OAK)
53.5%
NBABrooklyn Nets (NJ->NY->NJ->BRK)
50%
NBAAtlanta Hawks (TRI->MIL->STL->ATL)
47.3%
NBAWashington Wizards (CHI->BAL->WAS)
44.7%
NHLNew Jersey Devils (KC->DEN->NJ)
31.8%

You're not logged in!

Compare scores with friends on all Sporcle quizzes.
OR
Log In
Forgot?

From the Vault

SEC School Map

by myitbos

Hey, this SEC has some pretty decent schools, doesn't it?
Remove Ads.
Support Sporcle.
Get the best of Sporcle when you Go Orange. This ad-free experience offers more features, more stats, and more fun while also helping to support Sporcle. Thank you for becoming a member.

Show Comments

Extras

Top Quizzes Today


Score Distribution

Your Account Isn't Verified!

In order to create a playlist on Sporcle, you need to verify the email address you used during registration. Go to your Sporcle Settings to finish the process.

Report this User

Report this user for behavior that violates our Community Guidelines.

Details: